[Event "BIH-chT (Women)"]
[Site "Sarajevo"]
[Date "2023.11.01"]
[Round "2.1"]
[White "Mikic, Ivana"]
[Black "Tomic, Milanka"]
[Result "0-1"]
[WhiteElo "1801"]
[BlackElo "1830"]
[PlyCount "82"]
[EventDate "2023.10.31"]
[EventType "team-tourn"]
[EventRounds "5"]
[EventCountry "BIH"]
[SourceTitle "Mega2024 Update 01"]
[Source "Chessbase"]
[SourceDate "2023.11.12"]
[SourceVersion "1"]
[SourceVersionDate "2023.11.12"]
[SourceQuality "1"]
[WhiteTeam "Zenica Celik (W)"]
[BlackTeam "Zenica Napredak (W)"]
[WhiteTeamCountry "BIH"]
[BlackTeamCountry "BIH"]

1. e4 e5 2. Nf3 Nf6 3. Nxe5 d6 4. Nf3 Nxe4 5. Nc3 Nxc3 6. dxc3 Be7 7. Bc4 0-0 8. 0-0 Nd7 9. Re1 Bf6 10. Bf4 Nc5 11. Nd4 d5 12. Be2 c6 13. a4 Re8 14. a5 a6 15. Be3 Qd6 16. Bg4 Bxd4 17. Qxd4 Bxg4 18. Qxg4 Ne4 19. Bd4 f6 20. f3 Nc5 21. Qh5 g6 22. Qh4 Nd7 23. Rxe8+ Rxe8 24. Re1 Rxe1+ 25. Qxe1 Kf7 26. Qh4 h5 27. f4 c5 28. Bf2 Qe6 29. Kf1 Qf5 30. Qh3 Qxh3 31. gxh3 Ke6 32. Ke2 Kd6 33. h4 Kc6 34. b4 Kb5 35. Be1 Kc4 36. Ke3 f5 37. h3 cxb4 38. cxb4 d4+ 39. Ke2 Nf6 40. Bf2 Nd5 41. Bg3 Kc3 0-1

[Event "Wch U20 Girls 38th"]
[Site "Cala Gonone"]
[Date "2022.10.14"]
[Round "4"]
[White "Mikic, Ivana"]
[Black "Norlamo, Sarabella"]
[Result "0-1"]
[WhiteElo "1783"]
[BlackElo "1946"]
[PlyCount "138"]
[EventDate "2022.10.12"]
[EventType "swiss"]
[EventRounds "11"]
[EventCountry "ITA"]
[SourceTitle "CBM 210 Extra"]
[Source "ChessBase"]
[SourceDate "2022.11.30"]
[SourceVersion "1"]
[SourceVersionDate "2022.11.30"]
[SourceQuality "1"]

1. e4 e5 2. Nf3 Nc6 3. Bb5 a6 4. Ba4 Nf6 5. d3 b5 6. Bb3 Be7 7. 0-0 0-0 8. Re1 d6 9. c3 Nb8 10. Nbd2 Nbd7 11. Nf1 Bb7 12. Ng3 Nc5 13. Bc2 g6 14. b4 Ncd7 15. Bb3 Re8 16. Ng5 d5 17. exd5 Bxd5 18. N3e4 Nxe4 19. Nxe4 c6 20. Bd2 f5 21. Ng3 Bf6 22. c4 Bf7 23. Rc1 Rc8 24. cxb5 cxb5 25. Bxf7+ Kxf7 26. Qb3+ Kg7 27. Rxc8 Qxc8 28. Rc1 Qb7 29. Qc2 Qd5 30. Ne2 Rd8 31. Be3 Nf8 32. Rd1 Ne6 33. f4 e4 34. d4 Rd6 35. Qb3 Qxb3 36. axb3 Nc7 37. Rc1 Nd5 38. Bd2 Kf7 39. Rc8 Bd8 40. Nc3 e3 41. Be1 Nxf4 42. g3 Nd3 43. Kf1 Rxd4 44. Ke2 Nxe1 45. Kxe1 Bg5 46. Rc7+ Kg8 47. Rc6 Rxb4 48. h4 Bxh4 49. gxh4 Rxh4 50. Rxa6 Rb4 51. Ra5 Rxb3 52. Nxb5 f4 53. Nd4 Rb4 54. Nf3 Kg7 55. Ra6 Rb5 56. Nd4 Rb4 57. Nf3 Kh6 58. Ra5 Rb7 59. Ke2 Rf7 60. Nd4 Rf6 61. Kf3 Rd6 62. Ne2 g5 63. Nc3 Re6 64. Ne2 Kg6 65. Kg4 h6 66. Rb5 Rf6 67. Nd4 h5+ 68. Kf3 g4+ 69. Ke2 f3+ 0-1

[Event "EU-ch U16 Girls"]
[Site "Bratislava"]
[Date "2019.08.10"]
[Round "9"]
[White "Mikic, Ivana"]
[Black "Fock, Amina"]
[Result "1/2-1/2"]
[WhiteElo "1882"]
[BlackElo "1817"]
[PlyCount "105"]
[EventDate "2019.08.02"]
[EventType "swiss"]
[EventRounds "9"]
[EventCountry "SVK"]
[SourceTitle "CBM 191 Extra"]
[Source "ChessBase"]
[SourceDate "2019.09.30"]
[SourceVersion "1"]
[SourceVersionDate "2019.09.30"]
[SourceQuality "1"]

1. e4 c5 2. Nf3 d6 3. d4 Nf6 4. Nc3 cxd4 5. Nxd4 a6 6. Bd3 e5 7. Nb3 Be7 8. 0-0 0-0 9. Be3 b5 10. Nd2 Nbd7 11. Nf3 b4 12. Ne2 Bb7 13. Ng3 d5 14. exd5 Nxd5 15. Bf5 Bf6 16. Ne4 Nxe3 17. fxe3 Bxe4 18. Bxe4 Ra7 19. Qd6 Qb6 20. Qxb6 Nxb6 21. Bd3 Na4 22. Rab1 Re8 23. e4 Nc5 24. Rfd1 Rc7 25. Kf2 Nxd3+ 26. cxd3 Rc2+ 27. Rd2 Rec8 28. Ke2 g6 29. Kd1 R2c5 30. Ne1 Bg5 31. Rc2 f5 32. exf5 gxf5 33. Rxc5 Rxc5 34. Nf3 Bh6 35. b3 Kf7 36. Rb2 Ke6 37. Rc2 Rxc2 38. Kxc2 e4 39. Nd4+ Kf6 40. dxe4 fxe4 41. Nc6 Bf8 42. Nb8 Bd6 43. Nxa6 Ke5 44. Kd2 Kd4 45. g4 e3+ 46. Ke2 Ke4 47. h4 Kf4 48. g5 Kg4 49. Kxe3 Kxh4 50. Ke4 Kxg5 51. Kf3 Kf5 52. Kg2 Ke4 53. Nxb4 1/2-1/2

[Event "EU-ch U16 Girls"]
[Site "Bratislava"]
[Date "2019.08.08"]
[Round "7"]
[White "Mikic, Ivana"]
[Black "Siekanska, Zuzanna"]
[Result "0-1"]
[WhiteElo "1882"]
[BlackElo "1728"]
[PlyCount "120"]
[EventDate "2019.08.02"]
[EventType "swiss"]
[EventRounds "9"]
[EventCountry "SVK"]
[SourceTitle "CBM 191 Extra"]
[Source "ChessBase"]
[SourceDate "2019.09.30"]
[SourceVersion "1"]
[SourceVersionDate "2019.09.30"]
[SourceQuality "1"]

1. e4 c5 2. Nf3 e6 3. d4 cxd4 4. Nxd4 Nf6 5. Bd3 d6 6. 0-0 Nc6 7. Be3 Be7 8. Nd2 0-0 9. c3 Re8 10. Qc2 e5 11. Nxc6 bxc6 12. f3 h6 13. Rfd1 Nh5 14. Bc4 Bg5 15. Bf2 Bf4 16. Nf1 Qf6 17. Qd3 Rd8 18. Kh1 Qg6 19. g3 Bg5 20. Be3 Be7 21. Ba6 Qf6 22. Kg2 Be6 23. b3 d5 24. exd5 cxd5 25. Qe2 Qg6 26. Qf2 e4 27. Be2 f5 28. f4 Bf6 29. Rac1 Rac8 30. Bxh5 Qxh5 31. Bd4 Qf7 32. Ne3 Rc6 33. Nc2 Be7 34. a4 Rdc8 35. Qe3 a5 36. Qd2 Bf8 37. Ne3 Qb7 38. Rb1 Bc5 39. Rdc1 Rb6 40. Bxc5 Rxc5 41. Qd1 Rc8 42. Rb2 Rbc6 43. Qd4 Qb6 44. Qxb6 Rxb6 45. Nd1 d4 46. c4 Bf7 47. Kf2 Bh5 48. Kf1 Bxd1 49. Rxd1 d3 50. Rdd2 Rcb8 51. Rd1 Rxb3 52. Rxb3 Rxb3 53. Rc1 d2 54. Rd1 e3 55. Ke2 Kf7 56. h3 Ke6 57. g4 fxg4 58. hxg4 Kd6 59. f5 Rc3 60. Rh1 Rc1 0-1

[Event "EU-ch U16 Girls"]
[Site "Bratislava"]
[Date "2019.08.05"]
[Round "4"]
[White "Jarocka, Liwia"]
[Black "Mikic, Ivana"]
[Result "1/2-1/2"]
[WhiteElo "1995"]
[BlackElo "1882"]
[PlyCount "83"]
[EventDate "2019.08.02"]
[EventType "swiss"]
[EventRounds "9"]
[EventCountry "SVK"]
[SourceTitle "CBM 191 Extra"]
[Source "ChessBase"]
[SourceDate "2019.09.30"]
[SourceVersion "1"]
[SourceVersionDate "2019.09.30"]
[SourceQuality "1"]

1. e4 e5 2. Nf3 Nc6 3. Nc3 Nf6 4. Bb5 Bb4 5. 0-0 0-0 6. d3 d6 7. Bg5 Bxc3 8. bxc3 a6 9. Bxc6 bxc6 10. h3 Qe7 11. Qc1 h6 12. Bh4 Qe6 13. Bxf6 Qxf6 14. Qe3 c5 15. Rab1 Be6 16. c4 Rfb8 17. Nd2 Qg5 18. Qxg5 hxg5 19. Rb3 Rxb3 20. axb3 a5 21. Ra1 Bd7 22. Nb1 Kf8 23. Nc3 c6 24. Kf1 Ke7 25. Ke2 Be6 26. Kd2 Kd7 27. Na4 Ra6 28. Re1 Ra7 29. Re3 f6 30. Rg3 Kd8 31. Kc3 Re7 32. Kb2 Kc7 33. Ka3 Kb7 34. Nc3 Ka6 35. Na4 Kb7 36. Kb2 Kc8 37. Re3 Ra7 38. Re1 Kb7 39. Rh1 Ra8 40. Re1 Rh8 41. Re3 Rh4 42. Nc3 1/2-1/2

[Event "Osijek op 12th"]
[Site "Osijek"]
[Date "2019.02.23"]
[Round "5.29"]
[White "Mikic, Ivana"]
[Black "Topalic, Fran"]
[Result "1/2-1/2"]
[WhiteElo "1812"]
[BlackElo "1504"]
[PlyCount "68"]
[EventDate "2019.02.21"]
[EventType "swiss"]
[EventRounds "7"]
[EventCountry "CRO"]
[SourceTitle "EXT 2023"]
[Source "ChessBase"]
[SourceDate "2022.10.05"]
[SourceVersion "1"]
[SourceVersionDate "2022.10.05"]
[SourceQuality "1"]

1. e4 e5 2. Nf3 Nc6 3. Bb5 a6 4. Ba4 Nf6 5. d3 d6 6. 0-0 b5 7. Bb3 Be7 8. c3 0-0 9. Re1 Na5 10. Bc2 c5 11. d4 Nc6 12. d5 Na7 13. Nbd2 Bd7 14. Nf1 Nc8 15. Ng3 Re8 16. h3 Nb6 17. Nh2 Qc7 18. Qf3 b4 19. cxb4 cxb4 20. Qe2 Rec8 21. Bd3 a5 22. f4 Qa7 23. Kh1 exf4 24. Bxf4 a4 25. Be3 Qb7 26. Rac1 Rxc1 27. Rxc1 a3 28. b3 Rc8 29. Rxc8+ Bxc8 30. Qc2 Nbd7 31. Nf5 Bf8 32. Nd4 Ne5 33. Nc6 Nxd3 34. Qxd3 Bd7 1/2-1/2

[Event "Wch U16 Girls"]
[Site "Porto Carras"]
[Date "2018.10.23"]
[Round "5"]
[White "Mikic, Ivana"]
[Black "Cotun, Mihaela"]
[Result "1/2-1/2"]
[WhiteElo "1783"]
[BlackElo "1482"]
[PlyCount "89"]
[EventDate "2018.10.20"]
[EventType "swiss"]
[EventRounds "11"]
[EventCountry "GRE"]
[SourceTitle "CBM 187 Extra"]
[Source "ChessBase"]
[SourceDate "2018.11.04"]
[SourceVersion "1"]
[SourceVersionDate "2018.11.04"]
[SourceQuality "1"]

1. e4 c5 2. Nf3 d6 3. d4 cxd4 4. Qxd4 a6 5. c4 Nc6 6. Qd3 g6 7. Nc3 Bg7 8. Be3 Nf6 9. Nd4 Ne5 10. Qd2 Bd7 11. Be2 Rc8 12. b3 Qa5 13. Rc1 b5 14. cxb5 Nxe4 15. Nc6 Rxc6 16. bxc6 Nxd2 17. cxd7+ Nxd7 18. Bxd2 0-0 19. Na4 Qd5 20. Bf3 Qe6+ 21. Be3 Ne5 22. Be2 d5 23. Nc5 Qd6 24. 0-0 Nc6 25. Nxa6 d4 26. Rfd1 e5 27. Bf3 Ne7 28. Nc5 Nf5 29. Bd2 Rb8 30. a4 Ne7 31. a5 Nd5 32. a6 Nb6 33. a7 Re8 34. Nb7 Qe7 35. Ba5 Na8 36. Bd5 e4 37. Rc4 Qg5 38. Rc5 Qg4 39. f3 exf3 40. Bxf3 Qf4 41. Nd8 Be5 42. h3 Qe3+ 43. Kh1 Qf4 44. Kg1 Qe3+ 45. Kh1 1/2-1/2

[Event "Wch U16 Girls"]
[Site "Porto Carras"]
[Date "2018.10.22"]
[Round "4"]
[White "Nestorovic, Katarina"]
[Black "Mikic, Ivana"]
[Result "1-0"]
[WhiteElo "2015"]
[BlackElo "1783"]
[PlyCount "59"]
[EventDate "2018.10.20"]
[EventType "swiss"]
[EventRounds "11"]
[EventCountry "GRE"]
[SourceTitle "CBM 187 Extra"]
[Source "ChessBase"]
[SourceDate "2018.11.04"]
[SourceVersion "1"]
[SourceVersionDate "2018.11.04"]
[SourceQuality "1"]

1. e4 e5 2. Bc4 Nf6 3. d3 Bc5 4. Nc3 0-0 5. f4 exf4 6. Bxf4 d6 7. Nf3 Be6 8. Bb3 Nbd7 9. Qd2 Qe7 10. 0-0-0 Ng4 11. d4 Bb6 12. d5 Nf2 13. dxe6 fxe6 14. Rhf1 Nxd1 15. Rxd1 Nc5 16. Bc4 Kh8 17. Kb1 Qf6 18. Be3 Qg6 19. Ng5 Rae8 20. h4 Nxe4 21. Ncxe4 Bxe3 22. Qxe3 d5 23. Bb5 c6 24. Nd6 Re7 25. Bd3 Qh5 26. Rh1 h6 27. Nf3 Qg4 28. Ne5 d4 29. Qd2 Qg3 30. Ng6+ 1-0

[Event "Wch U16 Girls"]
[Site "Porto Carras"]
[Date "2018.10.21"]
[Round "3"]
[White "Mikic, Ivana"]
[Black "Cramling Bellon, Anna"]
[Result "1/2-1/2"]
[WhiteElo "1783"]
[BlackElo "2025"]
[PlyCount "114"]
[EventDate "2018.10.20"]
[EventType "swiss"]
[EventRounds "11"]
[EventCountry "GRE"]
[SourceTitle "CBM 187 Extra"]
[Source "ChessBase"]
[SourceDate "2018.11.04"]
[SourceVersion "1"]
[SourceVersionDate "2018.11.04"]
[SourceQuality "1"]

1. e4 c5 2. Nf3 e6 3. d4 cxd4 4. Nxd4 Nf6 5. Nc3 Nc6 6. Be3 Bb4 7. Bd3 0-0 8. 0-0 d5 9. exd5 exd5 10. Nce2 Bd6 11. c3 Ng4 12. Bf4 Nxd4 13. cxd4 Bxf4 14. Nxf4 Qd6 15. g3 g5 16. Ng2 Qh6 17. h4 gxh4 18. Nxh4 f5 19. Qf3 f4 20. Qxd5+ Be6 21. Qe4 Rad8 22. b3 Kh8 23. Bc4 Bf5 24. Qf3 fxg3 25. fxg3 Bd7 26. Qc3 Qg7 27. Rxf8+ Rxf8 28. Rc1 Nf6 29. Rf1 Ne4 30. Rxf8+ Qxf8 31. Qe3 Nf6 32. Qe5 Kg7 33. Nf5+ Bxf5 34. Qxf5 Qe7 35. Qe5 Qxe5 36. dxe5 Ng4 37. Bd5 b6 38. e6 Kf6 39. b4 Ne3 40. Bb3 Nf5 41. Kf2 Nd4 42. e7 Kxe7 43. Bg8 h6 44. Bh7 Kd6 45. Be4 Ke5 46. Ke3 Nb5 47. Bc6 Nd6 48. g4 Nf7 49. Be8 Ng5 50. a4 Ne4 51. Bc6 Nf6 52. Kf3 Ng8 53. a5 bxa5 54. bxa5 Nf6 55. a6 Kd6 56. Be4 Ke5 57. Bc6 Kd6 1/2-1/2

[Event "EU-ch U16 Girls 28th"]
[Site "Riga"]
[Date "2018.08.23"]
[Round "4"]
[White "Mikic, Ivana"]
[Black "Nestorovic, Katarina"]
[Result "0-1"]
[WhiteElo "1843"]
[BlackElo "1995"]
[PlyCount "48"]
[EventDate "2018.08.20"]
[EventType "swiss"]
[EventRounds "9"]
[EventCountry "LAT"]
[SourceTitle "CBM 186 Extra"]
[Source "ChessBase"]
[SourceDate "2018.08.24"]
[SourceVersion "1"]
[SourceVersionDate "2018.08.24"]
[SourceQuality "1"]

1. e4 c5 2. Nf3 e6 3. d4 cxd4 4. Nxd4 Nf6 5. Nc3 d6 6. Be3 a6 7. f3 Be7 8. Qd2 b5 9. g4 0-0 10. g5 Nfd7 11. h4 Bb7 12. 0-0-0 Nb6 13. h5 b4 14. Nb1 Nc6 15. g6 Bf6 16. gxf7+ Rxf7 17. Nxe6 Na4 18. c3 Qa5 19. Bd4 Nxd4 20. cxd4 Rc8+ 21. Nc5 dxc5 22. d5 Bxb2+ 23. Kc2 Nc3 24. Kxb2 Qxa2+ 0-1

[Event "EU-ch U16 Girls 28th"]
[Site "Riga"]
[Date "2018.08.21"]
[Round "2"]
[White "Mikic, Ivana"]
[Black "Vetshtein, Lior"]
[Result "1-0"]
[WhiteElo "1843"]
[BlackElo "1552"]
[PlyCount "85"]
[EventDate "2018.08.20"]
[EventType "swiss"]
[EventRounds "9"]
[EventCountry "LAT"]
[SourceTitle "CBM 186 Extra"]
[Source "ChessBase"]
[SourceDate "2018.08.24"]
[SourceVersion "1"]
[SourceVersionDate "2018.08.24"]
[SourceQuality "1"]

1. e4 e6 2. d4 d5 3. Nc3 Bb4 4. e5 c5 5. a3 Bxc3+ 6. bxc3 Ne7 7. Qg4 Qc7 8. Qxg7 Rg8 9. Qxh7 cxd4 10. Ne2 dxc3 11. f4 Nbc6 12. Qd3 d4 13. h4 Nf5 14. h5 Bd7 15. h6 0-0-0 16. h7 Rh8 17. g4 Nfe7 18. Rb1 Ng6 19. Bg2 Be8 20. Be4 Qe7 21. Rh6 a6 22. Kf1 Qf8 23. g5 Qg7 24. Qh3 Nge7 25. Ng3 Nd5 26. Nh5 Qf8 27. Nf6 Nxf6 28. Rxf6 Qc5 29. Qd3 Na5 30. Kg2 Bb5 31. Rxb5 axb5 32. Rxf7 Rdf8 33. Rxf8+ Rxf8 34. g6 Qe7 35. Qxb5 Nc6 36. Bxc6 bxc6 37. Qxc6+ Kb8 38. Qb6+ Kc8 39. Qc6+ Kb8 40. Qb6+ Kc8 41. Qa6+ Kd7 42. Qb7+ Ke8 43. Qxe7+ 1-0

[Event "Valpovo op (Women) 20th"]
[Site "Valpovo"]
[Date "2017.12.10"]
[Round "6.6"]
[White "Bevanda, Ema"]
[Black "Mikic, Ivana"]
[Result "0-1"]
[WhiteElo "1527"]
[BlackElo "1681"]
[PlyCount "62"]
[EventDate "2017.12.08"]
[EventType "swiss (rapid)"]
[EventRounds "7"]
[EventCountry "CRO"]
[SourceTitle "EXT 2023"]
[Source "ChessBase"]
[SourceDate "2022.10.05"]
[SourceVersion "1"]
[SourceVersionDate "2022.10.05"]
[SourceQuality "1"]

1. d4 Nf6 2. Bf4 e6 3. e3 d5 4. Nf3 b6 5. Nbd2 Bd6 6. Bg3 0-0 7. Bd3 Ba6 8. Qe2 Bxd3 9. Qxd3 Qe7 10. Rc1 Nbd7 11. c4 c5 12. Ne5 Rac8 13. Ndf3 cxd4 14. exd4 dxc4 15. Nxc4 Bxg3 16. hxg3 b5 17. g4 bxc4 18. Qc2 e5 19. g5 exd4+ 20. Kf1 d3 21. gxf6 Nxf6 22. Qd2 Ne4 23. Qe3 Ng3+ 24. Kg1 Qxe3 25. fxe3 Nxh1 26. Kxh1 Rfe8 27. Re1 Rcd8 28. Nd2 Rc8 29. Rc1 Rxe3 30. Rxc4 Rxc4 31. Nxc4 Re2 0-1

[Event "Valpovo op (Women) 20th"]
[Site "Valpovo"]
[Date "2017.12.08"]
[Round "2.1"]
[White "Ivekovic, Tihana"]
[Black "Mikic, Ivana"]
[Result "1-0"]
[WhiteElo "2142"]
[BlackElo "1681"]
[PlyCount "95"]
[EventDate "2017.12.08"]
[EventType "swiss (rapid)"]
[EventRounds "7"]
[EventCountry "CRO"]
[SourceTitle "EXT 2023"]
[Source "ChessBase"]
[SourceDate "2022.10.05"]
[SourceVersion "1"]
[SourceVersionDate "2022.10.05"]
[SourceQuality "1"]

1. d4 Nf6 2. c4 e6 3. Nf3 b6 4. g3 Bb7 5. Bg2 Bb4+ 6. Bd2 Bxd2+ 7. Qxd2 0-0 8. Nc3 c5 9. 0-0 cxd4 10. Nxd4 Bxg2 11. Kxg2 Nc6 12. Ndb5 d5 13. cxd5 Nxd5 14. Nxd5 Qxd5+ 15. Qxd5 exd5 16. Rfd1 Ne7 17. Rd2 a6 18. Nc7 Rac8 19. Nxa6 Rc4 20. b3 Rcc8 21. Nb4 Rfd8 22. Rad1 f6 23. e4 d4 24. Rxd4 Rxd4 25. Rxd4 Nc6 26. Rc4 Ne7 27. Rxc8+ Nxc8 28. Nd5 Kf7 29. f4 Ke6 30. Kf3 f5 31. Nc7+ Kd7 32. Nb5 fxe4+ 33. Kxe4 Ke6 34. a4 Ne7 35. Nd4+ Kd6 36. b4 g6 37. a5 bxa5 38. bxa5 Nd5 39. a6 Nc7 40. a7 Na8 41. Nf3 Kc6 42. Ng5 h5 43. Ke5 Kb7 44. Kf6 Kxa7 45. Kxg6 Nc7 46. f5 Kb7 47. f6 Kc8 48. f7 1-0

[Event "Valpovo op (Women) 19th"]
[Site "Valpovo"]
[Date "2016.12.10"]
[Round "3"]
[White "Juric, Ester"]
[Black "Mikic, Ivana"]
[Result "0-1"]
[WhiteElo "1455"]
[BlackElo "1593"]
[PlyCount "80"]
[EventDate "2016.12.09"]
[EventType "swiss (rapid)"]
[EventRounds "7"]
[EventCountry "CRO"]
[SourceTitle "EXT 2019"]
[Source "ChessBase"]
[SourceDate "2018.10.10"]
[SourceVersion "1"]
[SourceVersionDate "2018.10.10"]
[SourceQuality "1"]

1. e4 e5 2. Nf3 Nc6 3. Bc4 Bc5 4. c3 Nf6 5. d4 exd4 6. cxd4 Bb4+ 7. Nc3 Nxe4 8. 0-0 Bxc3 9. bxc3 d5 10. Re1 0-0 11. Bd3 Re8 12. Qc2 f5 13. Bg5 Qd6 14. Nd2 Bd7 15. Bxe4 fxe4 16. f3 Qg6 17. f4 Bf5 18. Qb3 h6 19. Bh4 Qh5 20. Qxd5+ Kh8 21. Bg3 Qg6 22. Nc4 Rad8 23. Qb5 b6 24. Ne3 Bd7 25. f5 Qf7 26. Qb3 Qh5 27. Rf1 Na5 28. Qc2 Qf7 29. Be5 Bb5 30. Rf2 Bd3 31. Qd1 Nc6 32. Qb3 Nxe5 33. dxe5 Qxb3 34. axb3 Rxe5 35. Rxa7 Rc5 36. c4 Rc6 37. g4 b5 38. cxb5 Bxb5 39. Rf4 Bd3 40. Rb7 Bc2 0-1